000 00929cab a2200229 4500
001 ABS43689
008 090401t1990 xxu||||| |||| 00| 0 eng d
035 _a(Sirsi) u43010
041 _aeng
100 _aLevitt, R.
245 2 _aA tenant`s standard lease: capitalising in current market conditions
260 _c1990
350 _a0
490 _aRent Review & Lease Renewal
_v11 (1) Autumn 1990, 20-27 (8)
520 _aAlterations, alienation subletting, franchises, keep open provisions, rent review, turnover rents interest on assignment landlords covenants including repair obligations and service charges, release of tenant prohibitions on competing trades and insurance are among key subjects discussed in this article on drafting leases .
650 _aKEEP OPEN COVENANTS
650 _aLEASES
690 _aPROPERTY-LANDLORD AND TENANT
700 _aTomaszewski, A.
942 _n0
948 _c04/03/1997
999 _c27505
_d27505